John Stuart Mill – 140 let od jeho smrti

Pohľad na život a dielo Johna Stuarta Milla, ktorý významne ovplyvnil nielen ekonómiu ale aj etiku a politiku.

Gespeichert in:
Bibliographische Detailangaben
1. Verfasser: Loužek, Marek
Format: Buchkapitel
Sprache:Tschechisch
Schlagworte:
Tags: Tag hinzufügen
Keine Tags, Fügen Sie das erste Tag hinzu!

MARC

LEADER 00000naa a2200000 4500
001 0166215
005 20220411093755.8
041 0 |a cze 
044 |a CZ 
245 1 0 |a John Stuart Mill – 140 let od jeho smrti  |c Marek Loužek 
520 |a Pohľad na život a dielo Johna Stuarta Milla, ktorý významne ovplyvnil nielen ekonómiu ale aj etiku a politiku. 
610 2 0 |a teórie ekonomické 
610 2 0 |a filozofia 
610 2 0 |a etika 
610 2 0 |a Mill, J.S. 
610 2 0 |a liberalizmus 
100 1 |a Loužek, Marek